Music Quiz

Random Music or Kpop Quiz
Score 0/149 Timer 20:00
0 Plays Today
% Correct
Seventeen
92.4%
Big Bang
91.2%
Got7
89.8%
BTS
89.6%
Jin
89.5%
Rapmonster
89.5%
JHope
89.3%
Suga
89.3%
Jimin
89.3%
V
89.1%
Gdragon
89.1%
TOP
88.8%
Jungkook
88.7%
Red Velvet
88%
Jackson
87.7%
Bam Bam
87.4%
Monsta x
87.2%
Taeyang
86.7%
JB
86.4%
Mark
86.4%
Woozi
85.7%
Vernon
85.3%
Shinee
84.8%
Jinyoung
84.1%
Daesung
83.8%
Seungri
82.8%
Youngjae
82.5%
Taemin
82.2%
Yugyeom
81.8%
Minho
81.7%
Irene
81.2%
Exo
81.2%
Wendy
80.1%
SNSD
80.1%
Super Junior
80.1%
Joy
79.9%
IKON
79.9%
Sehun
79.9%
DO
79.9%
Xiumin
79.4%
Key
79.3%
Kai
79.3%
S.Coups
78.8%
Chanyeol
78.6%
The8
78.4%
Lay
78.4%
Vixx
78.3%
Onew
78.1%
Baekhyun
78%
Chen
78%
% Correct
Exid
77.5%
Seulgi
77%
Yeri
76.8%
Shownu
76.7%
Hoshi
76.5%
Suho
76.5%
Joshua
76.3%
Jonghyun
76.3%
Jun
76%
DK
76%
BTOB
76%
Wonho
76%
IM
75.7%
Dino
75.2%
Hani
74.9%
Mingyu
74.7%
Bobby
74.6%
Jeonghan
74.1%
Jooheon
73.4%
Minhyuk
73.4%
Kihyun
73.1%
Wonwoo
72.9%
Hyungwon
72.9%
Seungkwan
72.8%
Heechul
72.6%
Infinite
72.3%
N
71.6%
Leo
71.5%
Bi
71.2%
Taeyeon
71%
Ravi
69.2%
Ken
66.9%
AOA
66.6%
Sunny
66.1%
LE
65.3%
Siwon
63.5%
Hyuk
61.9%
Hongbin
61.8%
Sungjae
61.6%
Yoona
61.4%
Leeteuk
60.9%
Jimin
60.3%
L
60.1%
Peniel
59.8%
Tiffany
59.8%
Girls Day
59.6%
Bap
58.3%
Shindong
57.4%
Minhyuk
56.7%
Junhoe
55.3%
% Correct
Donghae
55.1%
Sunggyu
54.5%
Solji
54.5%
Yesung
54.5%
Eunkwang
54%
Ilhoon
54%
Yuri
54%
Jinhwan
53.6%
Hyoyeon
53.3%
Apink
53%
Dongwoo
52.8%
Kyuhyun
52.7%
Chanwoo
52.5%
Seohyun
51.2%
Eunhyuk
50.7%
Changsub
50.1%
Sooyoung
50.1%
Sungyeol
49.9%
Daehyun
49.8%
Ryeowook
49.4%
Woohyun
49.1%
Youngjae
48.8%
Zelo
48.8%
Donghyuk
48.6%
Sungjong
48%
Yunhyeong
46.8%
Hyunsik
45.9%
Hyerin
45.4%
Yongguk
45.4%
Kangin
45.1%
Jongup
44.7%
Junghwa
44.6%
Minah
44.6%
Eunji
44.2%
Hyeri
43.9%
Himchan
42.6%
Bomi
42.1%
Seolhyun
41.5%
Yura
39.9%
Naeun
39.9%
Chorong
38.2%
Sungmin
38.1%
Sojin
37.3%
Mina
35.3%
Namjoo
34%
Chanmi
32.1%
Hayoung
31%
Yuna
30.8%
Hyejeong
28%
Remove Ads.
Support Sporcle.
Get the best of Sporcle when you Go Orange. This ad-free experience offers more features, more stats, and more fun while also helping to support Sporcle. Thank you for becoming a member.

You're not logged in!

Compare scores with friends on all Sporcle quizzes.
OR
Log In

Sporcle TV

Today on Sporcle TV


Watch our educational content, quiz creation guides, and fun videos on Sporcle TV.

Show Comments

Extras

Top Quizzes Today


Score Distribution

Paid Content

Your Account Isn't Verified!

In order to create a playlist on Sporcle, you need to verify the email address you used during registration. Go to your Sporcle Settings to finish the process.

Report this User

Report this user for behavior that violates our Community Guidelines.

Details: